Catálogo de los libros de fondo y de surtido y material de enseñanza que se hallan de venta en la Librería de Hernando. (Record no. 157706)
[ view plain ]
| 000 -LEADER | |
|---|---|
| campo de control de longitud fija | 00869nom a2200205 i 4500 |
| 001 - NÚMERO DE CONTROL | |
| campo de control | 157706 |
| 003 - IDENTIFICADOR DE NÚMERO DE CONTROL | |
| campo de control | ES-MaACL |
| 005 - FECHA Y HORA DE LA ÚLTIMA TRANSACCIÓN | |
| campo de control | 20240930131404.0 |
| 008 - DATOS DE LONGITUD FIJA--INFORMACIÓN GENERAL | |
| campo de control de longitud fija | 970404s1885 sp |||| | spa d |
| 040 ## - FUENTE DE CATALOGACIÓN | |
| Centro catalogador/agencia de origen | CYL |
| Lengua de catalogación | spa |
| Centro/agencia transcriptor | CYL |
| 110 2# - ENTRADA PRINCIPAL--NOMBRE DE ENTIDAD CORPORATIVA | |
| Nombre de entidad corporativa o nombre de jurisdicción como elemento de entrada | Librería de Hernando (Madrid) |
| 9 (RLIN) | 134645 |
| 245 10 - MENCIÓN DEL TÍTULO | |
| Título | Catálogo de los libros de fondo y de surtido y material de enseñanza que se hallan de venta en la Librería de Hernando. |
| 260 ## - PUBLICACIÓN, DISTRIBUCIÓN, ETC. | |
| Lugar de publicación, distribución, etc. | Madrid : |
| Nombre del editor, distribuidor, etc. | [s.n.], |
| Fecha de publicación, distribución, etc. | 1885 ( |
| Fabricante | Imprenta de Hernando) |
| 300 ## - DESCRIPCIÓN FÍSICA | |
| Extensión | 112 p. ; |
| Dimensiones | 18 cm. + |
| Material acompañante/anejo | 1 CD-ROM |
| 852 ## - LOCALIZACIÓN | |
| Ubicación | ES-MaACL |
| Número de control de estantería | T-415-F-10 |
| Partes que faltan | Ejemplar mútilo: falto de la cub. original |
| Encuadernación | Encuadernación holandesa |
| -- | Encuadernado con otras obras formando un volumne facticio |
| itemnumber | 163540 |
| Ubicación en estantería | Depósito folletos |
| 852 ## - LOCALIZACIÓN | |
| Ubicación | ES-MaACL |
| Número de control de estantería | ROT 6/2/22 |
| itemnumber | 203371 |
| Ubicación en estantería | Rotativo |
| 942 ## - ELEMENTOS DE ENTRADA SECUNDARIOS (KOHA) | |
| Fuente del sistema de clasificación o colocación | Clasificación decimal universal |
| Tipo de ítem Koha | Libro impreso antiguo |
| Estatus retirado | Estado de pérdida | Fuente del sistema de clasificación o colocación | Estado de daño | No para préstamo | Colección | Biblioteca de origen | Biblioteca actual | Ubicación en estantería | Fecha de adquisición | Total de préstamos | Signatura topográfica completa | Código de barras | Visto por última vez | Precio de reemplazo | Tipo de ítem Koha |
|---|---|---|---|---|---|---|---|---|---|---|---|---|---|---|---|
| Clasificación decimal universal | Colección de folletos | Biblioteca del Ateneo de Madrid | Biblioteca del Ateneo de Madrid | Depósito folletos | 17/01/2008 | T-415-F-10 | 1165037 | 23/02/2023 | 23/02/2023 | Libro impreso antiguo | |||||
| Clasificación decimal universal | Biblioteca del Ateneo de Madrid | Biblioteca del Ateneo de Madrid | Rotativo | 11/06/2024 | ROT 6/2/22 | 101228400 | 11/06/2024 | 11/06/2024 | Archivo de ordenador en CD-ROM, CD o disquete |
